000
00275nam a22001337a 4500
020
_a
978-1259029837
041
_a
ENG
100
_a
Duggal .S.K
245
_a
Surveying Vol 2
260
_a
New Delhi
_b
Tata Mcgraw-Hil
_c
1999
300
_a
390
650
_a
SWCE
856
_u
SWCE
999
_c
263
_d
263